| 000 | 00959nas a2200253Ia 4500 | ||
|---|---|---|---|
| 001 | R142/77680 | ||
| 003 | IT-RoPAU | ||
| 008 | 151124c99999999xx |||||||||||| ||und|| | ||
| 040 | _aIT-RoPAU | ||
| 040 | _cIT-RoPAU | ||
| 041 | _aFRANCESE | ||
| 100 |
_aMaiwa Yoko _gCodice Aut. SPICS: 46039 |
||
| 210 | _aRESEAUX | ||
| 222 | _aReseaux | ||
| 245 |
_aRESEAUX, N.055 (SETTEMBRE/OTTOBRE 1992) _bDe L'Usage Domestique Du Telephone Au Japon |
||
| 250 | _a1a ed. | ||
| 260 |
_aPARIS _bCNET _c1992 |
||
| 501 |
_bPaulus - SPICS - Società San Paolo EM (non-commercial uses only) _cCopyright2015 |
||
| 300 | _a27 p. [179-205] | ||
| 362 | _aN.055 (SETTEMBRE/OTTOBRE 1992) | ||
| 500 | _aUso Domestico del Telefono in Giappone. Approccio Storico. Risultati dell'Inchiesta Sulle Abitudini Individuali e Familiari dei Giapponesi in Materiadi Telefono. Analisi dell'Inchiesta con Molti Grafici. | ||
| 650 |
_aCOMUNICAZIONE _vPUBBLICAZIONE PERIODICA |
||
| 942 | _cCR | ||
| 999 |
_c192184 _d192184 |
||